Normal view
MARC view
Entry Topical Term
001 - CONTROL NUMBER
- control field: 262470
003 - CONTROL NUMBER IDENTIFIER
- control field: OSt
005 - DATE AND TIME OF LATEST TRANSACTION
- control field: 20260423143021.0
008 - FIXED-LENGTH DATA ELEMENTS
- fixed length control field: 260423|| aca||aabn | a|a d
040 ## - CATALOGING SOURCE
- Original cataloging agency: OSt
- Transcribing agency: OSt
150 ## - HEADING--TOPICAL TERM
- Topical term or geographic name entry element: Karnataka History
670 ## - SOURCE DATA FOUND
- Source citation: Work cat.: (OSt)88670: KAMALA SAMPALLI (N). ಕಮಲಾ ಸಂಪಳ್ಳಿ (ಎನ್) 262469, Veera bankeya., 1984